Métodos de difracción de rayos X (Record no. 32927)
[ view plain ]
| 000 -LEADER | |
|---|---|
| campo de control de longitud fija | 00488nam a2200157 i 4500 |
| 001 - NÚMERO DE CONTROL | |
| campo de control | 32927 |
| 003 - IDENTIFICADOR DE NÚMERO DE CONTROL | |
| campo de control | ES-MaACL |
| 005 - FECHA Y HORA DE LA ÚLTIMA TRANSACCIÓN | |
| campo de control | 20230906154650.0 |
| 007 - CAMPO FIJO DE DESCRIPCIÓN FÍSICA--INFORMACIÓN GENERAL | |
| campo de control de longitud fija | t| |
| 008 - DATOS DE LONGITUD FIJA--INFORMACIÓN GENERAL | |
| campo de control de longitud fija | 030131s1981 sp ||||1| spa d |
| 100 1# - ENTRADA PRINCIPAL--NOMBRE DE PERSONA | |
| Nombre de persona | Bermúdez Polonio, Joaquín. |
| 9 (RLIN) | 28150 |
| 245 10 - MENCIÓN DEL TÍTULO | |
| Título | Métodos de difracción de rayos X |
| Resto del título | : principios y aplicaciones / |
| Mención de responsabilidad, etc. | Joaquín Bermúdez Polonio. |
| 260 ## - PUBLICACIÓN, DISTRIBUCIÓN, ETC. | |
| Lugar de publicación, distribución, etc. | Madrid : |
| Nombre del editor, distribuidor, etc. | Pirámide, |
| Fecha de publicación, distribución, etc. | [1981] |
| 300 ## - DESCRIPCIÓN FÍSICA | |
| Extensión | 462 p. : |
| Otras características físicas | il. ; |
| Dimensiones | 23 cm. |
| 852 ## - LOCALIZACIÓN | |
| Ubicación | ES-MaACL |
| Número de control de estantería | L-1815 |
| Sublocalización o colección | R.102386 |
| Estatus retirado | Estado de pérdida | Estado de daño | No para préstamo | Biblioteca de origen | Biblioteca actual | Ubicación en estantería | Fecha de adquisición | Fuente de adquisición | Total de préstamos | Signatura topográfica completa | Código de barras | Visto por última vez | Precio de reemplazo | Tipo de ítem Koha |
|---|---|---|---|---|---|---|---|---|---|---|---|---|---|---|
| Biblioteca del Ateneo de Madrid | Biblioteca del Ateneo de Madrid | Depósito 2 | 17/01/2008 | L-1815 | 1034197 | 23/02/2023 | 23/02/2023 | Libro impreso |
